[Event "14th Ugra Governor's Cup"]
[Site "Khanty-Mansiysk RUS"]
[Date "2018.11.17"]
[Round "1.1"]
[White "Sjugirov, Sanan"]
[Black "Belyakov, Bogdan"]
[Result "1-0"]
[WhiteTitle "GM"]
[BlackTitle "IM"]
[WhiteElo "2654"]
[BlackElo "2458"]
[WhiteFideId "4189302"]
[BlackFideId "24104795"]
[EventDate "2018.11.17"]

1. d4 Nf6 2. c4 g6 3. f3 Bg7 4. e4 d6 5. Nc3 O-O 6. Nge2 c5 7. d5 e6 8. Ng3 a6
9. a4 exd5 10. cxd5 Nh5 11. Nxh5 gxh5 12. Be2 f5 13. O-O f4 14. g3 Bh3 15. Re1
Bd4+ 16. Kh1 fxg3 17. hxg3 Bf2 18. Kh2 Bxe1 19. Qxe1 Bc8 20. e5 dxe5 21. Bh6 Rf7
22. Ne4 Bf5 23. Bc4 Bxe4 24. d6 Nc6 25. Qxe4 Qxd6 26. Bxf7+ Kxf7 27. Qxh7+ Ke6
28. Be3 Rf8 29. f4 Qe7 30. Qc2 Qg7 31. Bxc5 Rd8 32. Rd1 Qg4 33. Qb3+ 1-0

[Event "14th Ugra Governor's Cup"]
[Site "Khanty-Mansiysk RUS"]
[Date "2018.11.17"]
[Round "1.2"]
[White "Oganian, Miran"]
[Black "Rakhmanov, Aleksandr"]
[Result "1/2-1/2"]
[WhiteTitle "IM"]
[BlackTitle "GM"]
[WhiteElo "2435"]
[BlackElo "2634"]
[WhiteFideId "4122488"]
[BlackFideId "4173708"]
[EventDate "2018.11.17"]

1. d4 d5 2. c4 e6 3. Nc3 Bb4 4. Nf3 Ne7 5. e3 c5 6. cxd5 exd5 7. dxc5 Nbc6 8.
Bd2 Bxc5 9. Be2 a6 10. O-O O-O 11. Rc1 Ba7 12. Na4 Qd6 13. Qc2 Bf5 14. Bd3 Bxd3
15. Qxd3 Rfd8 16. Nc3 Ng6 17. Ne2 Nge5 18. Nxe5 Nxe5 19. Qf5 Qe6 20. Qxe6 fxe6
21. Rc7 Rd7 22. Rxd7 Nxd7 23. Rc1 Bb6 24. Nf4 Kf7 25. Kf1 g5 26. Nd3 e5 27. f3
Ke6 28. Ke2 h5 29. h3 Rg8 30. Nf2 Bc5 31. Rc2 Bd6 32. e4 d4 33. g4 hxg4 34. hxg4
Nc5 35. Rc1 Be7 36. Rh1 Kf7 37. Rh7+ Rg7 38. Rxg7+ Kxg7 39. Bb4 Kf7 40. Bxc5
Bxc5 41. Kd3 b5 1/2-1/2

[Event "14th Ugra Governor's Cup"]
[Site "Khanty-Mansiysk RUS"]
[Date "2018.11.17"]
[Round "1.3"]
[White "Sarana, Alexey"]
[Black "Lugovskoy, Maxim"]
[Result "1-0"]
[WhiteTitle "GM"]
[BlackTitle "GM"]
[WhiteElo "2631"]
[BlackElo "2428"]
[WhiteFideId "24133795"]
[BlackFideId "24126454"]
[EventDate "2018.11.17"]

1. d4 d5 2. c4 e6 3. Nc3 a6 4. cxd5 exd5 5. Qb3 Nf6 6. Bg5 c6 7. e4 Be7 8. e5
Ne4 9. Bxe7 Qxe7 10. Bd3 Nxc3 11. Qxc3 c5 12. Qxc5 Qxc5 13. dxc5 Nd7 14. Kd2 O-O
15. Ne2 f6 16. exf6 Rxf6 17. f3 Nxc5 18. Nd4 Rb6 19. b3 Ne6 20. Ne2 Bd7 21. Rad1
a5 22. Bf5 Nf8 23. Bxd7 Nxd7 24. Ke1 Nf6 25. Rd4 a4 26. bxa4 Rb2 27. a3 Re8 28.
Rd2 Rb3 29. Kf2 Ree3 30. Rc2 Re8 31. Rd1 Ree3 32. Ra1 Re8 33. Nd4 Rd3 34. Nb5
Rb3 35. Rd1 Rf8 36. Ke2 Ra8 37. Rd4 Re8+ 38. Kf2 Rb1 39. Nc3 Rb6 40. Nxd5 Nxd5
41. Rxd5 Ra6 42. Rb2 Re7 43. a5 h6 44. Rb6 Ra8 45. Rbb5 Ra7 46. g4 Kh7 47. h4
Rc7 48. Kg3 Re7 49. Rb3 1-0

[Event "14th Ugra Governor's Cup"]
[Site "Khanty-Mansiysk RUS"]
[Date "2018.11.17"]
[Round "1.4"]
[White "Savitskiy, Sergey"]
[Black "Ponkratov, Pavel"]
[Result "0-1"]
[WhiteTitle "IM"]
[BlackTitle "GM"]
[WhiteElo "2413"]
[BlackElo "2628"]
[WhiteFideId "24105660"]
[BlackFideId "4157800"]
[EventDate "2018.11.17"]

1. e4 e5 2. Nf3 Nc6 3. Bc4 Nf6 4. d3 h6 5. a4 d6 6. a5 g5 7. c3 Bg7 8. Qb3 O-O
9. h3 Ne7 10. Be3 c6 11. Qb4 d5 12. Ba2 Nd7 13. g4 b6 14. h4 d4 15. cxd4 exd4
16. Bxd4 c5 17. Qd2 cxd4 18. hxg5 Ng6 19. gxh6 Nge5 20. Nxe5 Bxe5 21. Bd5 Rb8
22. Na3 b5 23. Rh5 Qf6 24. Qg5+ Kh7 0-1

[Event "14th Ugra Governor's Cup"]
[Site "Khanty-Mansiysk RUS"]
[Date "2018.11.17"]
[Round "1.5"]
[White "Predke, Alexandr"]
[Black "Svetlov, Dmitry"]
[Result "1-0"]
[WhiteTitle "GM"]
[BlackTitle "IM"]
[WhiteElo "2604"]
[BlackElo "2384"]
[WhiteFideId "24107581"]
[BlackFideId "24102610"]
[EventDate "2018.11.17"]

1. e4 c6 2. d4 d5 3. Nc3 dxe4 4. Nxe4 Bf5 5. Ng3 Bg6 6. Nh3 Nf6 7. Nf4 Nbd7 8.
Bc4 e5 9. Nxg6 hxg6 10. O-O Be7 11. Be3 Rh4 12. c3 Nb6 13. Bb3 exd4 14. Bg5 Rh8
15. cxd4 a5 16. a4 Kf8 17. Re1 Qd7 18. Qf3 Nbd5 19. h3 Re8 20. Rad1 Kg8 21. Re5
Kh7 1-0

[Event "14th Ugra Governor's Cup"]
[Site "Khanty-Mansiysk RUS"]
[Date "2018.11.17"]
[Round "1.6"]
[White "Loskutov, Oleg"]
[Black "Timofeev, Artyom"]
[Result "0-1"]
[WhiteTitle "IM"]
[BlackTitle "GM"]
[WhiteElo "2383"]
[BlackElo "2580"]
[WhiteFideId "4122593"]
[BlackFideId "4140419"]
[EventDate "2018.11.17"]

1. e4 e6 2. d4 d5 3. Nc3 Nc6 4. e5 f6 5. exf6 Nxf6 6. Nf3 Bd6 7. Bb5 O-O 8. O-O
a6 9. Bxc6 bxc6 10. Bg5 c5 11. Re1 Kh8 12. Ne2 Qe8 13. Ng3 Qg6 14. dxc5 Bxc5 15.
Be3 Bd6 16. Bd4 c5 17. Be5 Be7 18. Qd3 Qxd3 19. cxd3 a5 20. d4 c4 21. b3 Bb4 22.
Rec1 Ba6 23. bxc4 Bxc4 24. a3 Be7 25. Ng5 Ra6 26. Rcb1 Ng4 27. Rb7 Bxg5 28.
Bxg7+ Kg8 29. Bxf8 Kxf8 30. Rab1 a4 31. Rxh7 Bb3 32. Nh5 Nf6 33. Rh8+ Kf7 34. f4
Bh4 35. Ng3 0-1

[Event "14th Ugra Governor's Cup"]
[Site "Khanty-Mansiysk RUS"]
[Date "2018.11.17"]
[Round "1.7"]
[White "Pridorozhni, Aleksei"]
[Black "Anikonov, Dmitry"]
[Result "1/2-1/2"]
[WhiteTitle "GM"]
[BlackTitle "FM"]
[WhiteElo "2574"]
[BlackElo "2382"]
[WhiteFideId "4127870"]
[BlackFideId "24178012"]
[EventDate "2018.11.17"]

1. c4 c5 2. Nf3 Nf6 3. Nc3 e6 4. d4 d5 5. cxd5 Nxd5 6. e4 Nxc3 7. bxc3 cxd4 8.
cxd4 Bb4+ 9. Bd2 Bxd2+ 10. Qxd2 O-O 11. Rc1 b6 12. Bd3 Bb7 13. O-O Nd7 14. Qf4
h6 15. h4 Rc8 16. Rxc8 Qxc8 17. Rc1 Qa8 18. Nd2 Nf6 19. e5 Nd5 20. Qe4 Nf6 21.
Qe1 Nd5 22. Ne4 Nf4 23. Bb1 Rc8 24. Rxc8+ Qxc8 25. Nd6 Qc3 26. Qe3 Qxe3 27. fxe3
Ne2+ 28. Kf2 Ba6 29. Bc2 Nc3 30. a3 Kf8 31. e4 f6 32. exf6 gxf6 33. e5 fxe5 34.
dxe5 Nb5 35. Nxb5 Bxb5 36. Ke3 Bc6 37. g4 Bd5 38. Bd3 Kf7 39. Be2 Ke7 40. Kf4
Kf7 41. g5 Kg7 42. Bd3 Bb3 43. Bb5 Bd5 44. Be8 Bb3 45. gxh6+ Kxh6 46. Ke3 Kg7
47. Kd4 Bd1 48. Kd3 Bf3 49. Kc4 Be2+ 50. Kb4 a5+ 51. Kc3 b5 52. Kd4 b4 53. axb4
axb4 54. Ba4 Kg6 55. Bc2+ Kh5 56. Bb3 Kxh4 57. Kc5 Kg5 58. Bxe6 Kf4 59. Kxb4
Kxe5 1/2-1/2

[Event "14th Ugra Governor's Cup"]
[Site "Khanty-Mansiysk RUS"]
[Date "2018.11.17"]
[Round "1.8"]
[White "Ovod, Evgenija"]
[Black "Rozum, Ivan"]
[Result "0-1"]
[WhiteTitle "IM"]
[BlackTitle "GM"]
[WhiteElo "2379"]
[BlackElo "2573"]
[WhiteFideId "4131827"]
[BlackFideId "24104272"]
[EventDate "2018.11.17"]

1. d4 g6 2. e4 Bg7 3. Nf3 d6 4. c3 Nf6 5. Bd3 O-O 6. O-O Nc6 7. Re1 e5 8. h3 h6
9. Nbd2 Nh5 10. Nb3 Qf6 11. Bf1 Bd7 12. g3 Rae8 13. d5 Nd8 14. a4 Qe7 15. Be3 a6
16. Nfd2 Nf6 17. c4 Nh7 18. c5 f5 19. cxd6 cxd6 20. Bb6 f4 21. Na5 h5 22. Ra3
Bh6 23. Ndc4 Ng5 24. Kh2 Rf6 25. Bg2 Ref8 26. Rc3 Ndf7 27. Nd2 Nxh3 28. Bxh3
Bxh3 29. Kxh3 Ng5+ 30. Kh2 Qd7 31. Rh1 fxg3+ 32. Rxg3 Rxf2+ 33. Bxf2 Rxf2+ 34.
Kg1 Rxd2 35. Qb3 Qf7 36. Rh2 Rxh2 37. Kxh2 Qf2+ 38. Kh1 Qe1+ 39. Kh2 Qxa5 40.
Rc3 Nxe4 41. Rc8+ Kh7 42. Qxb7+ Bg7 43. b4 Qxa4 44. Rc7 Qa2+ 45. Kh1 Ng3+ 46.
Kg1 Nf5 47. Kf1 e4 48. Qc6 e3 49. Qc2 Qxd5 50. Kg1 Qd4 51. Qe2 Qxb4 0-1

[Event "14th Ugra Governor's Cup"]
[Site "Khanty-Mansiysk RUS"]
[Date "2018.11.17"]
[Round "1.9"]
[White "Volkov, Sergey"]
[Black "Maltsevskaya, Aleksandra"]
[Result "1-0"]
[WhiteTitle "GM"]
[BlackTitle "WGM"]
[WhiteElo "2568"]
[BlackElo "2301"]
[WhiteFideId "4122763"]
[BlackFideId "24174041"]
[EventDate "2018.11.17"]

1. d4 Nf6 2. c4 e6 3. Nc3 Bb4 4. e3 b6 5. Ne2 O-O 6. a3 Be7 7. g3 Bb7 8. d5 b5
9. b3 bxc4 10. bxc4 Na6 11. e4 Ng4 12. Nf4 Ne5 13. Rb1 Nc5 14. Be3 Ba6 15. Rb4
Rb8 16. Be2 Rb6 17. O-O Qb8 18. Na4 Rxb4 19. axb4 Nxe4 20. b5 Bb7 21. Qd4 Ng5
22. f3 d6 23. Qd2 h6 24. Nc3 a6 25. h4 Nh7 26. dxe6 fxe6 27. bxa6 Ba8 28. Nxe6
Nxf3+ 29. Bxf3 Rxf3 30. Rxf3 Bxf3 31. a7 Qc8 32. Nd5 Bf8 33. Qa2 1-0

[Event "14th Ugra Governor's Cup"]
[Site "Khanty-Mansiysk RUS"]
[Date "2018.11.17"]
[Round "1.10"]
[White "Shoboev, Dandar"]
[Black "Bocharov, Dmitry"]
[Result "1-0"]
[BlackTitle "GM"]
[WhiteElo "2226"]
[BlackElo "2557"]
[WhiteFideId "44197012"]
[BlackFideId "4138716"]
[EventDate "2018.11.17"]

1. d4 Nf6 2. c4 e6 3. g3 d5 4. Bg2 Bb4+ 5. Bd2 Be7 6. Nf3 O-O 7. O-O Nbd7 8. Qc2
Ne4 9. a3 a5 10. Nc3 Nxd2 11. Nxd2 c6 12. Rfd1 Rb8 13. e3 b5 14. cxb5 cxb5 15.
Bf1 b4 16. Nb5 Bb7 17. a4 Rc8 18. Qb3 Nb6 19. Rdc1 Qd7 20. Qd1 Nc4 21. b3 Nd6
22. Rxc8 Rxc8 23. Rc1 g6 24. Rc2 f6 25. Na7 Rxc2 26. Qxc2 Ba8 27. Nb5 Ne8 28.
Bd3 Kf7 29. h4 Kg7 30. e4 Qc6 31. Qd1 Nd6 32. Nxd6 Qxd6 33. Qe2 Qb6 34. Qe3 Qd8
35. exd5 Bxd5 36. Bc4 Qd7 37. Bxd5 exd5 38. Nf3 Bd6 39. Kg2 h6 40. Qd3 g5 41.
hxg5 hxg5 42. Qa6 Bc7 43. Qb7 Kg6 44. Nd2 Kf7 45. Nf1 Ke6 46. Ne3 f5 47. Qa8 Bb6
48. Qg8+ Qf7 49. Qxf7+ Kxf7 50. Nxf5 Ke6 51. g4 Bc7 52. Kf3 Bf4 53. Ne3 Kf6 54.
Ng2 Bc1 55. Ke2 Bb2 56. Kd3 Bc1 57. Kc2 Bf4 58. Kd3 Ke6 59. Ne1 Bc1 60. Kc2 Bf4
61. Nd3 Bh2 62. Kd2 Kf6 63. Ke3 Ke6 64. Kf3 Bc7 65. Ke2 Kf6 66. Nc5 Ke7 67. Nd3
Kf6 68. Ne1 Bb6 69. Ke3 Bc7 70. Ng2 Bh2 71. f4 Bg1+ 72. Kd3 Bf2 73. Ne3 gxf4 74.
Nxd5+ Kg5 75. Ke4 Kxg4 76. Nf6+ Kg5 77. Nd7 Bg1 78. Ne5 Kf6 79. Nc6 Ke6 80. Nxa5
f3 81. Kxf3 Bxd4 82. Ke4 Bc5 83. Nc4 Bg1 84. Nb2 Bb6 85. Nd3 Kd6 86. Nxb4 Bg1
87. Nc2 1-0

[Event "14th Ugra Governor's Cup"]
[Site "Khanty-Mansiysk RUS"]
[Date "2018.11.17"]
[Round "1.11"]
[White "Iljiushenok, Ilia"]
[Black "Yangutov, Aleksey"]
[Result "1-0"]
[WhiteTitle "GM"]
[WhiteElo "2539"]
[BlackElo "2199"]
[WhiteFideId "24105074"]
[BlackFideId "24198897"]
[EventDate "2018.11.17"]

1. e4 c5 2. Nc3 Nc6 3. Bb5 g6 4. Bxc6 dxc6 5. d3 Bg7 6. Be3 b6 7. Qd2 Nf6 8. Bh6
O-O 9. Bxg7 Kxg7 10. f4 Qc7 11. Nf3 Nh5 12. f5 Qf4 13. Qe2 gxf5 14. O-O fxe4 15.
Nxe4 Bg4 16. Qe1 f6 17. d4 Bxf3 18. Rxf3 Qg4 19. Nf2 Qd7 20. g4 cxd4 21. Rf5 Ng3
22. hxg3 1-0

[Event "14th Ugra Governor's Cup"]
[Site "Khanty-Mansiysk RUS"]
[Date "2018.11.17"]
[Round "1.12"]
[White "Pshmahov, Osman"]
[Black "Potapov, Pavel"]
[Result "0-1"]
[BlackTitle "GM"]
[WhiteElo "2130"]
[BlackElo "2515"]
[WhiteFideId "44101759"]
[BlackFideId "4169786"]
[EventDate "2018.11.17"]

1. d4 f5 2. Bg5 h6 3. Bh4 g5 4. e3 Nf6 5. Bg3 Bg7 6. h4 g4 7. h5 d6 8. Ne2 Be6
9. Nf4 Bf7 10. Bb5+ c6 11. Bd3 e6 12. Nd2 d5 13. c4 O-O 14. Ng6 Re8 15. Ne5 Nbd7
16. Nxf7 Kxf7 17. f3 Kg8 18. Bh4 Qb6 19. O-O Qxb2 20. Rb1 Qa3 21. Rb3 Qxa2 22.
Rxb7 Rab8 23. Rxd7 Nxd7 24. fxg4 Rb2 25. gxf5 Rxd2 26. Qg4 exf5 27. Bxf5 Nf8 28.
Bg6 Rxg2+ 29. Qxg2 Qxg2+ 30. Kxg2 Nxg6 31. hxg6 Rxe3 32. cxd5 cxd5 33. Rf5 Re4
34. Bf2 Rg4+ 35. Kh3 Rg5 36. Rxg5 hxg5 37. Kg4 0-1

[Event "14th Ugra Governor's Cup"]
[Site "Khanty-Mansiysk RUS"]
[Date "2018.11.17"]
[Round "1.13"]
[White "Drygalov, Andrey"]
[Black "Mochalin, Faddey"]
[Result "0-1"]
[WhiteTitle "IM"]
[WhiteElo "2497"]
[BlackElo "2064"]
[WhiteFideId "24171735"]
[BlackFideId "34147290"]
[EventDate "2018.11.17"]

1. c4 c6 2. Nf3 d5 3. e3 Nf6 4. Nc3 e6 5. b3 Nbd7 6. Bb2 Bd6 7. Qc2 O-O 8. Be2
b6 9. Rg1 Bb7 10. g4 Rc8 11. g5 Ne8 12. h4 e5 13. h5 g6 14. Nh4 Ng7 15. O-O-O
Re8 16. Bg4 Rc7 17. Ne2 Nf8 18. f4 Bc8 19. h6 Bxg4 20. Rxg4 Nge6 21. Nf3 e4 22.
Qc3 f5 23. Qh8+ Kf7 24. Nfd4 fxg4 25. f5 gxf5 26. Nxf5 Qxg5 27. Nxd6+ Ke7 28.
Bf6+ Qxf6 29. Qxf6+ Kxf6 30. Nxe8+ Kg5 31. Nxc7 Nxc7 32. Rh1 dxc4 33. bxc4 Nce6
34. Kc2 Nd7 35. Ng3 Nf6 36. Kc3 a5 37. Rf1 Nc5 38. Kd4 Kh4 39. Ne2 Ng8 40. Rh1+
Kg5 41. Nf4 Ne7 42. Ke5 g3 43. Kd6 Nf5+ 44. Kxc6 Nd3 45. Ne2 g2 46. Rg1 Ne5+ 47.
Kd5 Nf3 48. Rd1 Kg4 49. Kxe4 Ng3+ 50. Nxg3 Kxg3 51. d4 Nd2+ 52. Rxd2 g1=Q 53.
Rb2 Qh1+ 54. Ke5 Qxh6 55. Rb3 Qc6 56. d5 Qc5 57. e4+ Kg4 58. Ke6 Qxc4 59. Kd7
Kf4 60. d6 Qd4 61. Rb5 Kxe4 62. Kc7 Qc4+ 63. Kxb6 Qc8 64. Rc5 Qd7 65. Kxa5 Qxd6
66. Rc4+ Kd5 67. Rb4 Qd8+ 68. Ka4 Qe8+ 69. Kb3 h5 70. a4 Qe3+ 71. Kb2 Kc5 72.
Rb7 Qf2+ 73. Ka3 Qf3+ 74. Rb3 Qf6 75. Rb5+ Kc6 76. Kb4 Qd4+ 77. Ka5 h4 0-1

[Event "14th Ugra Governor's Cup"]
[Site "Khanty-Mansiysk RUS"]
[Date "2018.11.17"]
[Round "1.14"]
[White "Martynyuk, Elizaveta"]
[Black "Kabanov, Nikolai"]
[Result "1/2-1/2"]
[WhiteTitle "FM"]
[BlackTitle "GM"]
[WhiteElo "2057"]
[BlackElo "2481"]
[WhiteFideId "24128511"]
[BlackFideId "4127820"]
[EventDate "2018.11.17"]

1. e4 d6 2. d4 Nf6 3. Nc3 e5 4. Nf3 Nbd7 5. Bc4 Be7 6. O-O O-O 7. Re1 exd4 8.
Nxd4 Ne5 9. Bf1 Re8 10. h3 c6 11. a4 a5 12. f4 Ng6 13. Kh1 Bf8 14. Bc4 d5 15.
exd5 Rxe1+ 16. Qxe1 Bb4 17. Qg3 Bxc3 18. bxc3 Ne4 19. Qe1 cxd5 20. Bd3 Bd7 21.
f5 Qh4 22. Qxh4 Nxh4 23. c4 Nf2+ 24. Kg1 Nxd3 25. cxd3 dxc4 26. dxc4 Nxf5 27.
Nxf5 Bxf5 28. Bf4 f6 29. Re1 Rc8 30. Bd6 Rxc4 31. Re8+ Kf7 32. Re7+ Kg6 33. Rxb7 1/2-1/2

[Event "14th Ugra Governor's Cup"]
[Site "Khanty-Mansiysk RUS"]
[Date "2018.11.18"]
[Round "2.1"]
[White "Rozum, Ivan"]
[Black "Sjugirov, Sanan"]
[Result "1/2-1/2"]
[WhiteTitle "GM"]
[BlackTitle "GM"]
[WhiteElo "2573"]
[BlackElo "2654"]
[WhiteFideId "24104272"]
[BlackFideId "4189302"]
[EventDate "2018.11.17"]

1. Nf3 Nf6 2. c4 g6 3. g3 Bg7 4. Bg2 O-O 5. O-O d5 6. d4 Nc6 7. Na3 dxc4 8. Nxc4
Be6 9. b3 Bd5 10. Bb2 a5 11. Ne3 Be4 12. a3 Qc8 13. Nc4 Rd8 14. e3 Bd5 15. Rc1
Ne4 16. Qe2 Qe6 17. Ne1 Ng5 18. Nf3 Qg4 19. Ncd2 Nxf3+ 20. Bxf3 Bxf3 21. Qxf3
Qxf3 22. Nxf3 Ra6 23. Bc3 Rb6 24. Rb1 a4 25. bxa4 Ra8 26. a5 Nxa5 27. Bxa5 Rxa5
28. Rxb6 cxb6 29. Rc1 Bf6 30. Rc7 Rxa3 31. Rxb7 Rb3 32. Nd2 Rb4 33. Ne4 Kf8 34.
Kg2 Ke8 35. Kf3 Kf8 36. h4 Ke8 37. Kf4 Kf8 38. Kf3 Ke8 39. Kf4 Kf8 40. Rb8+ Kg7
41. Kf3 Rb3 42. Nc5 Ra3 43. Rxb6 Bxd4 44. Rb5 1/2-1/2

[Event "14th Ugra Governor's Cup"]
[Site "Khanty-Mansiysk RUS"]
[Date "2018.11.18"]
[Round "2.2"]
[White "Potapov, Pavel"]
[Black "Sarana, Alexey"]
[Result "1/2-1/2"]
[WhiteTitle "GM"]
[BlackTitle "GM"]
[WhiteElo "2515"]
[BlackElo "2631"]
[WhiteFideId "4169786"]
[BlackFideId "24133795"]
[EventDate "2018.11.17"]

1. e4 c5 2. c3 Nf6 3. e5 Nd5 4. Nf3 d6 5. d4 cxd4 6. cxd4 Nc6 7. Bc4 dxe5 8.
dxe5 Ndb4 9. Qb3 e6 10. O-O Na5 11. Qa4+ Bd7 12. Bb5 Bxb5 13. Qxb5+ Nac6 14. Nc3
a6 15. Qc4 Qd3 16. Qg4 h5 17. Qg5 Rd8 18. Be3 Qh7 19. Rad1 Be7 20. Rxd8+ Bxd8
21. Qf4 O-O 22. Qc4 Qd3 23. Qb3 Qc2 24. Qxc2 Nxc2 25. Bc5 Be7 26. Bxe7 Nxe7 27.
Rd1 Nb4 28. Rd7 Ned5 29. Nxd5 Nxd5 30. Rxb7 Nf4 31. g3 Nd3 32. Kf1 Rd8 33. Ra7
Rc8 34. Ke2 Nc1+ 35. Ke3 Nxa2 36. Ng5 Rf8 37. Rxa6 Nb4 38. Rd6 Rb8 39. Rd7 Nc6
40. f4 Rb3+ 41. Kd2 Rxb2+ 42. Kc3 Rb5 43. Rxf7 Rc5+ 44. Kd2 Nxe5 45. Rb7 Rd5+
46. Ke1 Nd7 47. Nxe6 Kf7 48. Ng5+ Kg6 49. Ke2 Rd6 50. Nf3 Kf6 51. Ra7 Rd5 52.
Ra6+ Ke7 53. Ng5 Nf6 54. Ke3 Rd7 55. h3 Rb7 56. Ra3 Rd7 57. Kf3 Rb7 58. Re3+ Kf8
59. Ne6+ Kg8 60. Ra3 Kh7 61. g4 hxg4+ 62. hxg4 Nd5 63. Rd3 Rb5 64. g5 Rb6 65. f5
Ne7 66. Kg4 Rb4+ 67. Nf4 Nc6 68. g6+ Kg8 69. Kg5 Rb1 70. Re3 Rb8 71. Ne6 Re8 72.
Rc3 Nd8 73. Nf4 Kf8 74. Rc7 Re1 75. Rd7 Rg1+ 76. Kh4 Nc6 77. Ne6+ Ke8 78. Rxg7
Ne7 79. Nc7+ Kd8 80. Ne6+ Ke8 81. f6 Nxg6+ 82. Kh5 Rh1+ 83. Kxg6 Rh6+ 84. Kg5
Rxf6 85. Nc7+ Kf8 86. Rd7 Rf1 87. Nd5 Ke8 88. Ra7 Kd8 89. Nf4 Ke8 90. Kf5 Kd8
91. Ke5 Re1+ 92. Kd6 Rd1+ 93. Nd5 Ke8 94. Re7+ Kf8 95. Re2 Kf7 96. Rf2+ 1/2-1/2

[Event "14th Ugra Governor's Cup"]
[Site "Khanty-Mansiysk RUS"]
[Date "2018.11.18"]
[Round "2.3"]
[White "Ponkratov, Pavel"]
[Black "Volkov, Sergey"]
[Result "1/2-1/2"]
[WhiteTitle "GM"]
[BlackTitle "GM"]
[WhiteElo "2628"]
[BlackElo "2568"]
[WhiteFideId "4157800"]
[BlackFideId "4122763"]
[EventDate "2018.11.17"]

1. d4 d5 2. c4 c6 3. Nf3 Nf6 4. Nc3 a6 5. Qc2 g6 6. Bg5 dxc4 7. e4 b5 8. b3 cxb3
9. axb3 Bg7 10. Be2 O-O 11. O-O h6 12. Bd2 a5 13. Rfc1 Ra6 14. h3 Be6 15. Bd3
Nbd7 16. Ne2 Re8 17. Ra3 Qb6 18. Be3 Qb7 19. Nf4 Nf8 20. Qd2 a4 21. Nxe6 Nxe6
22. Bxh6 axb3 23. Rxb3 Rea8 24. Bxg7 Kxg7 25. Qc3 Qa7 26. d5 cxd5 27. exd5 Ra2
28. Rf1 Nf4 29. Bxb5 Nxd5 30. Qd4 Qxd4 31. Nxd4 e5 32. Nf3 e4 33. Ng5 Rc8 34.
Re1 Rcc2 35. Bf1 Rxf2 36. Nxe4 Nxe4 37. Rxe4 Nf4 38. Rb7 Rac2 39. Ree7 Nd5 40.
Re5 Nf4 41. Ree7 1/2-1/2

[Event "14th Ugra Governor's Cup"]
[Site "Khanty-Mansiysk RUS"]
[Date "2018.11.18"]
[Round "2.4"]
[White "Mochalin, Faddey"]
[Black "Predke, Alexandr"]
[Result "0-1"]
[BlackTitle "GM"]
[WhiteElo "2064"]
[BlackElo "2604"]
[WhiteFideId "34147290"]
[BlackFideId "24107581"]
[EventDate "2018.11.17"]

1. d4 Nf6 2. c4 e6 3. Nf3 b6 4. g3 Bb7 5. Bg2 Bb4+ 6. Bd2 a5 7. O-O O-O 8. Bf4
Be7 9. Nc3 Ne4 10. Qc2 Nxc3 11. bxc3 Qc8 12. Ne1 d6 13. e4 Ba6 14. Qb3 e5 15.
Be3 a4 16. Qxa4 Qd7 17. Qxd7 Nxd7 18. Nc2 Bxc4 19. Rfc1 Bxa2 20. Nb4 Bc4 21. Bh3
Be6 22. Bf1 Bf6 23. d5 Bg4 24. Kg2 Nc5 25. Bxc5 dxc5 26. Nc6 Bg5 27. Rcb1 f6 28.
f3 Bd7 29. Bb5 Bd2 30. c4 Bc3 31. Rxa8 Rxa8 32. Na7 Bg4 33. fxg4 Rxa7 34. Rb3
Ra2+ 35. Kh1 Ba5 36. Rd3 Re2 37. d6 cxd6 38. Bc6 b5 39. cxb5 c4 40. Bd5+ Kf8 41.
Bxc4 Rxe4 42. Be6 Ke7 43. Bf5 Re1+ 44. Kg2 g6 45. Ra3 gxf5 46. Rxa5 fxg4 47.
Ra7+ Ke6 48. Rxh7 Re2+ 49. Kg1 Rb2 50. Rb7 d5 51. b6 Kf5 52. Rb8 Ke4 53. b7 Kf3
54. h4 gxh3 55. Rd8 Rxb7 56. Rxd5 Kxg3 57. Rd3+ Kg4 58. Re3 Rb2 59. Kh1 Rf2 60.
Kg1 Rf3 61. Re4+ Kg3 62. Re2 e4 63. Rg2+ Kf4 64. Re2 f5 65. Kh2 e3 66. Kg1 Rg3+
67. Kh1 Kf3 68. Re1 Kf2 69. Rb1 e2 70. Kh2 Rg2+ 71. Kh1 h2 72. Rb2 Rg1+ 73. Kxh2
Rg8 0-1

[Event "14th Ugra Governor's Cup"]
[Site "Khanty-Mansiysk RUS"]
[Date "2018.11.18"]
[Round "2.5"]
[White "Timofeev, Artyom"]
[Black "Iljiushenok, Ilia"]
[Result "1/2-1/2"]
[WhiteTitle "GM"]
[BlackTitle "GM"]
[WhiteElo "2580"]
[BlackElo "2539"]
[WhiteFideId "4140419"]
[BlackFideId "24105074"]
[EventDate "2018.11.17"]

1. e4 e5 2. Nf3 Nc6 3. Bb5 Nf6 4. O-O Nxe4 5. Re1 Nd6 6. Nxe5 Be7 7. Bf1 Nf5 8.
Nf3 d5 9. d4 O-O 10. c3 Bd6 11. a4 Nh4 12. Nxh4 Qxh4 13. g3 Qg4 14. Be2 Qg6 15.
Na3 a6 16. Nc2 Ne7 17. Ne3 c6 18. Bd3 Nf5 19. Ng2 Qf6 20. Bf4 Bd7 21. Qd2 h6 22.
Be5 Bxe5 23. dxe5 Qd8 24. f4 Ne7 25. Qf2 Qc8 26. Qc5 Re8 27. a5 Bf5 28. Rad1 h5
29. Qf2 Qd7 30. Be2 g6 31. Nh4 Rad8 32. Nxf5 Qxf5 33. Bf1 Qe6 34. b4 Rd7 35. Bd3
Red8 36. Qd4 Nf5 37. Bxf5 Qxf5 38. Re3 Re8 39. Rde1 Rde7 40. Kg2 Re6 41. R1e2
R8e7 42. Re1 Re8 43. R1e2 R8e7 1/2-1/2

[Event "14th Ugra Governor's Cup"]
[Site "Khanty-Mansiysk RUS"]
[Date "2018.11.18"]
[Round "2.6"]
[White "Rakhmanov, Aleksandr"]
[Black "Shoboev, Dandar"]
[Result "1-0"]
[WhiteTitle "GM"]
[WhiteElo "2634"]
[BlackElo "2226"]
[WhiteFideId "4173708"]
[BlackFideId "44197012"]
[EventDate "2018.11.17"]

1. d4 d5 2. Nf3 Nf6 3. e3 c5 4. a3 cxd4 5. exd4 Nc6 6. Bd3 Bg4 7. Be3 e6 8. Nbd2
Be7 9. c3 a6 10. Qc2 Qc7 11. O-O Bh5 12. Bg5 Bg6 13. Bh4 Bxd3 14. Qxd3 O-O 15.
Rae1 Rfe8 16. Re2 Nh5 17. Bg3 Nxg3 18. hxg3 Rac8 19. Rfe1 g6 20. Qe3 Bf6 21. Qh6
Bg7 22. Qh3 Re7 23. Nf1 Qd8 24. Ne3 Rcc7 25. Ng4 Qf8 26. Qh4 Re8 27. Nf6+ Bxf6
28. Qxf6 Qg7 29. Qh4 Rce7 30. g4 h6 31. g5 hxg5 32. Qxg5 b5 33. Qf4 Rd7 34. g4
Qf8 35. Kg2 Qd6 36. Qf6 Qf8 37. Ne5 Nxe5 38. Rxe5 Qg7 39. g5 Rd6 40. Rh1 1-0

[Event "14th Ugra Governor's Cup"]
[Site "Khanty-Mansiysk RUS"]
[Date "2018.11.18"]
[Round "2.8"]
[White "Anikonov, Dmitry"]
[Black "Oganian, Miran"]
[Result "1/2-1/2"]
[WhiteTitle "FM"]
[BlackTitle "IM"]
[WhiteElo "2382"]
[BlackElo "2435"]
[WhiteFideId "24178012"]
[BlackFideId "4122488"]
[EventDate "2018.11.17"]

1. d4 Nf6 2. c4 e6 3. g3 d5 4. Nf3 Be7 5. Bg2 O-O 6. O-O dxc4 7. Qc2 a6 8. a4
Bd7 9. Qxc4 Bc6 10. Bf4 Bd6 11. Qc1 Bxf4 12. Qxf4 Qd6 13. Nbd2 Qxf4 14. gxf4 a5
15. Nc4 Bd5 16. Nfe5 Bxc4 17. Nxc4 c6 18. e3 Rd8 19. Ra3 Nd5 20. Rb3 Ra7 21. Rc1
g6 22. Kf1 Kf8 23. Ke2 Ke7 24. Bf3 Nd7 25. Bg2 N7f6 26. Bf3 Nd7 27. Bg2 N7f6 28.
Bf3 1/2-1/2